00366 a2200145 450000100060000002000150000604000370002110000170005824000450007524500400012030000070016036200090016744000130017665000310018971645 a8526230786 cAnchieta - Colégio São Paulo aLira, Mazé10aBrincando com as letras do alfabetolpor10aBrincando com as letras do alfabeto a310 a1997 1aScipione 4aLiteratura infanto-juvenil